Misbehaving : (Record no. 26991)
[ view plain ]
| 000 -LEADER | |
|---|---|
| fixed length control field | 02393cam a22003015a 4500 |
| 001 - CONTROL NUMBER | |
| control field | 18503726 |
| 005 - DATE AND TIME OF LATEST TRANSACTION | |
| control field | 20181114115101.0 |
| 008 - FIXED-LENGTH DATA ELEMENTS--GENERAL INFORMATION | |
| fixed length control field | 150223t2015 nyu frb 001 0 eng d |
| 010 ## - LIBRARY OF CONGRESS CONTROL NUMBER | |
| LC control number | 2015004600 |
| 020 ## - INTERNATIONAL STANDARD BOOK NUMBER | |
| International Standard Book Number | 9780393080940 (hardcover : alk. paper) |
| 040 ## - CATALOGING SOURCE | |
| Original cataloging agency | DLC |
| Language of cataloging | eng |
| Transcribing agency | DLC |
| Modifying agency | DLC |
| -- | EG-ScBUE |
| 042 ## - AUTHENTICATION CODE | |
| Authentication code | pcc |
| 082 04 - DEWEY DECIMAL CLASSIFICATION NUMBER | |
| Classification number | 330.019 |
| Item number | THA |
| Edition number | 22 |
| 100 1# - MAIN ENTRY--PERSONAL NAME | |
| Personal name | Thaler, Richard H., |
| Dates associated with a name | 1945- |
| 9 (RLIN) | 41931 |
| 245 10 - TITLE STATEMENT | |
| Title | Misbehaving : |
| Remainder of title | the making of behavioral economics / |
| Statement of responsibility, etc | Richard H. Thaler. |
| 250 ## - EDITION STATEMENT | |
| Edition statement | 1st ed. |
| 260 ## - PUBLICATION, DISTRIBUTION, ETC. (IMPRINT) | |
| Place of publication, distribution, etc | New York : |
| Name of publisher, distributor, etc | W.W. Norton & Company, |
| Date of publication, distribution, etc | c.2015. |
| 300 ## - PHYSICAL DESCRIPTION | |
| Extent | xvi, 415 p. ; |
| Dimensions | 25 cm. |
| 504 ## - BIBLIOGRAPHY, ETC. NOTE | |
| Bibliography, etc | Includes bibliographical references (pages 373-391) and index. |
| 505 0# - FORMATTED CONTENTS NOTE | |
| Formatted contents note | I. Beginnings : 1970-78. Supposedly irrelevant factors ; The endowment effect ; The list ; Value theory ; California dreamin' ; The gauntlet --<br/>II. Mental accounting : 1979-85. Bargains and rip-offs ; Sunk costs ; Buckets and budgets ; At the poker table --<br/>III. Self-Control : 1975-88. Willpower No problem ; The Planner and the doer --<br/>Interlude. Misbehaving in the real world --<br/>IV. Working With Danny : 1984-85. What seems fair? ; Fairness games ; Mugs --<br/>V. Engaging with the economics profession: 1986-94. The debate begins ; Anomalies ; Forming a team ; Narrow framing on the Upper East Side --<br/>VI. Finance : 1983-2003. The beauty contest ; Does the stock market overreact?; The reaction to overreaction ; The price Is not right ; The battle of closed-end funds ; Fruit flies, icebergs, and negative stock prices --<br/>VII. Welcome to Chicago : 1995-present . Law schooling ; The offices ; Football ; Game shows --<br/>VIII. Helping out : 2004-present. Save more tomorrow ; Going public ; Nudging in the U.K. ; Conclusion: What is next? |
| 520 ## - SUMMARY, ETC. | |
| Summary, etc | "Traditional economics assumes rational actors. Early in his research, Thaler realized these Spock-like automatons were nothing like real people. Whether buying a clock radio, selling basketball tickets, or applying for a mortgage, we all succumb to biases and make decisions that deviate from the standards of rationality assumed by economists. In other words, we misbehave. More importantly, our misbehavior has<br/> |
| 586 ## - AWARDS NOTE | |
| Awards note | Winner of the Nobel prize in Economics. |
| 650 #7 - SUBJECT ADDED ENTRY--TOPICAL TERM | |
| Topical term or geographic name as entry element | Economics |
| General subdivision | Psychological aspects. |
| Source of heading or term | BUEsh |
| 651 ## - SUBJECT ADDED ENTRY--GEOGRAPHIC NAME | |
| Source of heading or term | BUEsh |
| 653 ## - INDEX TERM--UNCONTROLLED | |
| Resource For college | BAEPS, Economics |
| Arrived date list | November2018 |
| 655 ## - INDEX TERM--GENRE/FORM | |
| Form subdivision | Reading book |
| 942 ## - ADDED ENTRY ELEMENTS (KOHA) | |
| Source of classification or shelving scheme | Dewey Decimal Classification |
| Withdrawn status | Item status | Source of classification or shelving scheme | Damaged status | Not for loan | Vendor | Home library | Current library | Shelving location | Date acquired | Source of acquisition | Cost, normal purchase price | Total Checkouts | Full call number | Barcode | Date last seen | Koha item type |
|---|---|---|---|---|---|---|---|---|---|---|---|---|---|---|---|---|
| Dewey Decimal Classification | Baccah | Central Library | Central Library | First floor | 14/11/2018 | Purchase | 520.00 | 330.019 THA | 000043919 | 14/11/2018 | Book - Borrowing |